Правове регулювання запобіжних заходів у кримінальному провадженні (Запис № 458589)

МАРК-запис
000 -Лідер
fixed length control field 03918nam a22002657a 4500
001 - Контрольний номер
control field 5150425
003 - Ідентифікатор контрольного номера
control field UA-OsUOA
005 - Дата та час останнього входження (трансакції)
control field 20201105163226.0
008 - Елементи даних фіксованої довжини – загальна інформація
fixed length control field 200324b un ||||| m||| 00| 0 ukr d
040 ## - Джерело каталогізації
Агенція оригінальної каталогізації UA-OsUOA
Мова каталогізації ukr
Агенція, яка здійснювала перезапис UA-OsUOA
Агенція, яка здійснювала модифікацію UA-OsUOA
041 ## - Код мови
Код мови тексту/ звукової доріжки чи окремого заголовка (П) ukr
080 ## - Індекс Універсальної десяткової класифікації
Індекс Універсальної десяткової класифікації (УДК) (НП) 343.125:343.126:343.13
090 ## - Локальний шифр розміщення
Класифікаційний індекс УДК 343.125:343.126:343.13
095 ## - Код спеціальності для авторефератів
Код спеціальності 12.00.09
Назва спеціальності кримінальний процес та криміналістика; судова експертиза; оперативно-розшукова діяльність
100 ## - Основне введення – ім’я особи
Ім’я особи (НП) Середа К. О.
245 ## - Відомості про назву
Назва (НП) Правове регулювання запобіжних заходів у кримінальному провадженні
Дані про відповідальність (НП) Середа Катерина Олександрівна ; наук. керівник Удалова Лариса Давидівна
260 ## - Публікація, розповсюдження і т.п. (Вихідні дані)
Місце публікації, розповсюдження і т.п. (П) Київ
Дата публікації, розповсюдження і т.п. (П) 2018
300 ## - Фізичний опис
Обсяг 18 с.
502 ## - Примітка про дисертацію
Зв'язок Автореферат дисертації на здобуття наукового ступеня кандидата юридичних наук<br/>
Наймення інституції, що представляється Національна академія внутрішніх справ
Рік отримання вченого ступеня 2018
520 ## - Резюме і т.п.
Резюме, реферат, анотація, тощо (НП) У дисертації здійснено комплексне дослідження правового регулювання запобіжних заходів у кримінальному провадженні. Досліджено сутність запобіжних заходів як предмету правового регулювання у кримінальному процесі. Проведено аналіз наукових поглядів та норм кримінального процесуального законодавства щодо запобіжних заходів та визначено їх поняття та систему. Розкрито функціональне призначення запобіжних заходів у кримінальному провадженні, визначено предмет кримінального процесуального права в частині регламентації запобіжних заходів та методи кримінального процесуального права, застосовувані для правового регулювання запобіжних заходів. <br/>Проведено дослідження загальних та спеціальних правил застосування запобіжних заходів у кримінальному провадженні. Визначено істотні ознаки загальних правил застосування запобіжних заходів та сформульовано положення, що складають систему таких правил. Розглянуто недоліки спеціальних правил застосування запобіжних заходів у кримінальному провадженні. Досліджено норми права, якими регулюються запобіжні заходи у кримінальному процесі. Розкрито структурні елементи норм права, якими регулюються запобіжні заходи у кримінальному провадженні.<br/>Сформульовано пропозиції стосовно удосконалення нормативного забезпечення застосування запобіжних заходів у кримінальному провадженні.
650 ## - Додаткове предметне введення – тематичний термін
Джерело заголовка чи терміна UDC
Тематичний термін чи географічна назва, як елемент введення (НП) 343 Кримінальне право. Карні порушення
942 ## - Додаткові елементи входу (Коха)
Source of classification or shelving scheme Universal Decimal Classification
Тип елемента Koha Автореферат
955 ## - Код типу видання за змістом
Код типу видання за змістом (НП) Наукові видання

Немає доступних примірників.